| 000 | 00628nam a22002057a 4500 | ||
|---|---|---|---|
| 005 | 20170124110033.0 | ||
| 010 | _aA-704301 | ||
| 020 |
_c70.00 _a8171671853 |
||
| 035 | _aA-704301 | ||
| 037 | _bCen Lib/Ret | ||
| 040 |
_adpl _bEN |
||
| 082 |
_a887 _bJUG |
||
| 100 |
_aJug Suraiya _922107 |
||
| 245 |
_aA taste for the jugular : _cby Jug Suraiya _bDelhi belly strikes again / |
||
| 260 |
_bRupa & Co. _c1994 _aNew Delhi |
||
| 270 |
_a7/16 Ansari Road ,Daryaganj _bNew Delhi _e110002 |
||
| 300 |
_a237p. : _c20cm(Hb) _bill. |
||
| 650 |
_aClassical greek humor and satire. _922108 |
||
| 942 |
_2ddc _cEN _h887 _mJUG |
||
| 999 |
_c127990 _d127990 |
||